书目信息 |
| 题名: |
教学改革实验报告
|
|
| 作者: | ;教学实验研究组 编 | |
| 分册: | ||
| 出版信息: | 北京 教育科学出版社 1982 |
|
| 页数: | 25页 | |
| 开本: | 19cm | |
| 丛书名: | ||
| 单 册: | ||
| 中图分类: | G622.0 , G521 | |
| 科图分类: | ||
| 主题词: | 教育事业--世界 , 教学改革--小学 | |
| 电子资源: | ||
| ISBN: | ||
| 000 | 00707nam0 2200253 45 | |
| 001 | 0182003657 | |
| 005 | 20060728174437.71 | |
| 010 | @dCNY0.64 | |
| 091 | @a7232.103 | |
| 100 | @a19950608d1982 kemy0chiy0121 ea | |
| 101 | 0 | @achi |
| 102 | @aCN@b110000 | |
| 105 | @ay p 000yy | |
| 200 | 10 | @a教学改革实验报告@Ajiao xue gai ge shi yan bao gao@f教学实验研究组编 |
| 210 | @a北京@c教育科学出版社@d1982 | |
| 215 | @a25页@d19cm | |
| 606 | 0 | @a教育事业@x世界 |
| 606 | @a教学改革@x小学 | |
| 690 | @aG622.0@v3 | |
| 690 | @aG521 | |
| 711 | 02 | @a教学实验研究组@Ajiao xue shi yan yan jiu zu@4编 |
| 801 | 2 | @aCN@bNLC@c20060728 |
| 801 | 0 | @aCN@b上海图书馆@c20040424 |
| 905 | @f1@b213213@f1@b156074@dG521@e13 | |
| 教学改革实验报告/教学实验研究组编.-北京:教育科学出版社,1982 |
| 25页;19cm |
| ISBN :CNY0.64 |
| ● |
| 相关链接 |
|
|
|
|
正题名:教学改革实验报告
索取号:G521/13
 
预约/预借
| 序号 | 登录号 | 条形码 | 馆藏地/架位号 | 状态 | 备注 |
| 1 | 0156074 | 000462500 | 密集书库/ [索取号:G521/13] | 在馆 | |
| 2 | 0156075 | 000462467 | 密集书库/ [索取号:G521/13] | 在馆 | |
| 3 | 0156076 | 002059257 | 第一样本阅览室/ [索取号:G521/13] | 在馆 | |
| 4 | 0213213 | 000462207 | 密集书库/ [索取号:G521/13] | 在馆 | |
| 5 | 0213214 | 000462519 | 密集书库/ [索取号:G521/13] | 在馆 | |
| 6 | 0440637 | 204406375 | 密集书库/ [索取号:G521/13] | 在馆 |